000 00298nam a22001217a 4500
008 171006b xxu||||| |||| 00| 0 eng d
041 _aeng
080 _a159.9
100 _a49
101 _aPSI
245 _aA CLINICIAN'S GUIDE TO FORENSIC PSYCHOLOGIAL ASSESMENT
_cMALONEY, M.P
942 _2udc
_cBK
999 _c32274
_d32274